<?xml version="1.0" encoding="UTF-8"?>
<record
    xmlns:xsi="http://www.w3.org/2001/XMLSchema-instance"
    xsi:schemaLocation="http://www.loc.gov/MARC21/slim http://www.loc.gov/standards/marcxml/schema/MARC21slim.xsd"
    xmlns="http://www.loc.gov/MARC21/slim">

  <leader>01150nam a2200289   4500</leader>
  <datafield tag="952" ind1=" " ind2=" ">
    <subfield code="a">0001</subfield>
    <subfield code="b">0001</subfield>
    <subfield code="d">2019-05-08</subfield>
    <subfield code="l">0</subfield>
    <subfield code="o">956.1014 A52 2015</subfield>
    <subfield code="p">005597</subfield>
    <subfield code="r">2019-05-08 00:00:00</subfield>
    <subfield code="t">c.1</subfield>
    <subfield code="w">2019-05-08</subfield>
    <subfield code="y">BKS</subfield>
  </datafield>
  <datafield tag="999" ind1=" " ind2=" ">
    <subfield code="c">13219</subfield>
    <subfield code="d">13219</subfield>
  </datafield>
  <controlfield tag="003">MIRAKIL</controlfield>
  <controlfield tag="005">20190508160618.0</controlfield>
  <controlfield tag="008">190508b        tu ||||| |||| 00| 0 tur d</controlfield>
  <datafield tag="020" ind1=" " ind2=" ">
    <subfield code="a">9751732166 (t.k.)</subfield>
  </datafield>
  <datafield tag="020" ind1=" " ind2=" ">
    <subfield code="a">9751732190 (1.cilt)</subfield>
  </datafield>
  <datafield tag="040" ind1=" " ind2=" ">
    <subfield code="a">TR-AnCHP</subfield>
    <subfield code="c">TR-AnCHP</subfield>
  </datafield>
  <datafield tag="041" ind1=" " ind2=" ">
    <subfield code="a">tur</subfield>
  </datafield>
  <datafield tag="082" ind1=" " ind2=" ">
    <subfield code="a">956.1014</subfield>
    <subfield code="b">A52 2015</subfield>
  </datafield>
  <datafield tag="245" ind1="1" ind2="0">
    <subfield code="a">Anadolu Sel&#xE7;uklular&#x131; ve beylikler d&#xF6;nemi uygarl&#x131;&#x11F;&#x131; :</subfield>
    <subfield code="b">Sosyal ve siyasal hayat /</subfield>
    <subfield code="c">edit&#xF6;rler: Ahmet Ya&#x15F;ar Ocak, Ali Uzay Peker, Kenan Bilici.</subfield>
  </datafield>
  <datafield tag="246" ind1=" " ind2=" ">
    <subfield code="a">Sosyal ve siyasal hayat </subfield>
  </datafield>
  <datafield tag="260" ind1=" " ind2=" ">
    <subfield code="a">Ankara:</subfield>
    <subfield code="b">K&#xFC;lt&#xFC;r ve Turizm Bakanl&#x131;&#x11F;&#x131;,</subfield>
    <subfield code="c">2015.</subfield>
  </datafield>
  <datafield tag="300" ind1=" " ind2=" ">
    <subfield code="a">c. "1." (592 s.) :</subfield>
    <subfield code="b">rnk. res.;</subfield>
    <subfield code="c">32 sm.</subfield>
  </datafield>
  <datafield tag="490" ind1="0" ind2=" ">
    <subfield code="a">K&#xFC;lt&#xFC;r ve Turizm Bakanl&#x131;&#x11F;&#x131; K&#xFC;t&#xFC;phaneler ve Yay&#x131;mlar Genel M&#xFC;d&#xFC;rl&#xFC;&#x11F;&#xFC;;</subfield>
    <subfield code="a">Sanat Eserleri dizisi;</subfield>
    <subfield code="v">3062-1.</subfield>
    <subfield code="v">454.</subfield>
  </datafield>
  <datafield tag="504" ind1=" " ind2=" ">
    <subfield code="a">Kaynak&#xE7;a vard&#x131;r.</subfield>
  </datafield>
  <datafield tag="650" ind1=" " ind2="0">
    <subfield code="9">5711</subfield>
    <subfield code="a">Anadolu Sel&#xE7;uklu Devleti</subfield>
    <subfield code="x">Tarih </subfield>
    <subfield code="x">Sosyal hayat</subfield>
  </datafield>
  <datafield tag="650" ind1=" " ind2="0">
    <subfield code="9">5711</subfield>
    <subfield code="a">Anadolu Sel&#xE7;uklu Devleti</subfield>
    <subfield code="x">Tarih</subfield>
    <subfield code="x">Siyasal hayat</subfield>
  </datafield>
  <datafield tag="700" ind1=" " ind2=" ">
    <subfield code="9">5712</subfield>
    <subfield code="a">Ocak, Ahmet Ya&#x15F;ar</subfield>
    <subfield code="e">ed.</subfield>
  </datafield>
  <datafield tag="700" ind1=" " ind2=" ">
    <subfield code="9">5713</subfield>
    <subfield code="a">Peker, Ali Uzay</subfield>
    <subfield code="e">ed.</subfield>
  </datafield>
  <datafield tag="700" ind1=" " ind2=" ">
    <subfield code="9">5714</subfield>
    <subfield code="a">Bilici, Kenan</subfield>
    <subfield code="e">ed.</subfield>
  </datafield>
  <datafield tag="740" ind1=" " ind2=" ">
    <subfield code="a">Sosyal ve siyasal hayat </subfield>
  </datafield>
  <datafield tag="942" ind1=" " ind2=" ">
    <subfield code="2">ddc</subfield>
    <subfield code="c">BKS</subfield>
  </datafield>
</record>
